000 01002nam a2200313Ia 4500
001 dia_5168
003 CHAP
005 20251023172315.0
008 220117s2002 xx 000 0 und d
010 _a176028
020 _a84-95318-98-9
040 _cCHAP
082 _a005.4469 B47 2002
100 _aBernaus, Albert
_9157727
245 _aMicrosoft Windows XP Home - Professional : a fondo /
_c Albert Bernaus y Jaime Blanco
260 _aEspaƱa :
_b Inforbook's,
_c2002
300 _a703 p.
503 _aC/e
590 _aQA76.76.O63 B47 2002
650 _aMicrosoft Windows (Computer file)
_9149485
650 _aMicrosoft Windows XP (Archivo de computadora)
_9157728
650 _aOperating systems (Computers)
_9149487
650 _aSistemas operativos (Computadoras)
_9106775
700 _aBlanco, Jaime, coaut.
_9157729
901 _a005.4469 B47 2002
902 _aM
905 _a5232272002 sp a 8222223322spa16
942 _cLIBRO
_2ddc
999 _c176028
_d176028